000 00385nam a2200181Ia 4500
005 20240823061220.0
008 240823s9999||||xx |||||||||||||| ||und||
041 _aTAMIL
082 _A741.5492 Q9
100 _aBala Barathi
245 0 _aPenn Arasiyal
250 _a1st
260 _c2019
_bThe
500 _aYES
650 _aTamil
_bGeneral
942 _cBK
999 _c232986
_d232986